000 01608cam a22004454i 4500
003 PE-LiUPU
005 20250731173555.0
008 150616s r 000 0 d
020 _a9780872498907
040 _aPE-LiUPU
_bspa
_cPE-LiUPU
_erda
049 _aPRUA
082 0 4 _a224.92066
_bC886a
_221
100 _9588
_aCraig, Kenneth M.
_d1960-
_eautor.
245 1 0 _aA poetics of Jonah :
_bArt en the service of ideology /
_cKenneth M. Craig, Jr.
264 1 _aCarolina :
_bUniversity of South Carolina Press.
_c1993.
300 _a211 páginas :
_c24 cm.
336 _atext
_2rdacontent
337 _aunmediated
_2rdamedia
338 _avolume
_2rdacarrier
504 _aBibliografía : 192-202
505 0 _aWhat is poetics? -- The RSV, NRSV, and Jonah -- The narrator and characters -- Jonah and the Reading Process -- The multiple reports of prayer in Jonah -- Jonah and poetry -- Representation of the inner life: a case for inside views -- Yhe ideological plane: summary and conclusion.
526 _aSEG42
526 _aSEG41
526 _aSEG40
526 _aSEG39
526 _aP94
526 _aP87
526 _aP86
526 _aP85
526 _aP77
526 _aP76
526 _aP35
630 0 _aBiblia.
_pJonás
_xCrítica, interpretación, etc.
_9589
630 0 _aBiblia.
_pJonás
_xLenguaje y estilo
_9591
910 _ajck
942 _2ddc
_cBK
980 _618226
_aJaime Vilcazán Jefe de Análisis Documental
_81
_gALBERTO SANCHEZ Responsable de Automatización
999 _c61614
_d61614